| 000 | 00384nam a22001457a 4500 | ||
|---|---|---|---|
| 020 | _a8177000039 | ||
| 082 |
_a621.43 _bANA/CO |
||
| 100 |
_aAnand V. Domkundwar _91380 |
||
| 100 |
_aDomkundwar V.M. _91379 |
||
| 245 | _aA Course in Internal Combustion Engines (S.I. Units) | ||
| 250 | _a2 nd Rev | ||
| 260 |
_aDelhi _bDhanpat Rai and Co. (P) Ltd _c2005 |
||
| 300 | _aB.6 | ||
| 942 | _cBBS | ||
| 999 |
_c14754 _d14754 |
||